Huasipungo
Uloženo v:
| Hlavní autor: | |
|---|---|
| Médium: | Kniha |
| Jazyk: | španělština |
| Vydáno: |
Barcelona
Plaza & Janés
1979
|
| Témata: | |
| Tagy: |
Přidat tag
Žádné tagy, Buďte první, kdo vytvoří štítek k tomuto záznamu!
|
MARC
| LEADER | 00000nam a2200000 a 4500 | ||
|---|---|---|---|
| 001 | UCQ6834 | ||
| 003 | CL-VaPUC | ||
| 008 | 981023e19790000SP |||||||||||||||||spa|d | ||
| 082 | 0 | 4 | |a Ec863 |b ICA |2 21 |
| 100 | |a Icaza, Jorge |e author |9 420772 | ||
| 245 | 1 | 0 | |a Huasipungo |
| 300 | |a 189 p | ||
| 942 | |c BK | ||
| 945 | |d 19981023 00:00:00 |a crobeson | ||
| 260 | |a Barcelona |b Plaza & Janés |c 1979 | ||
| 650 | 7 | |a NOVELAS ECUATORIANAS |2 CL-VaPUC |9 326824 | |
| 650 | 7 | |a LITERATURA ECUATORIANA |2 CL-VaPUC |9 419346 | |
| 583 | |a last modification |c 19981023 00:00:00 |k Rodrigo Vera | ||
| 999 | |c 276738 |d 276736 | ||
| 952 | |0 0 |1 0 |4 0 |6 EC_863_000000000000000_ICA_1979 |7 0 |8 A |9 314181 |a BIBEDU |b BIBEDU |d 2019-11-20 |i 1484222 |l 1 |o Ec863 ICA 1979 |p 1484222 |r 2025-03-04 |s 2025-01-29 |w 2019-11-20 |y BK |k LIT | ||